[Event "European Blitz 2015"]
[Site "Minsk BLR"]
[Date "2015.12.18"]
[Round "10.5"]
[White "Zubritskiy, Artyom"]
[Black "Movsesian, Sergei"]
[Result "1-0"]
[WhiteTitle "FM"]
[BlackTitle "GM"]
[WhiteElo "2422"]
[BlackElo "2659"]
[WhiteFideId "4181247"]
[BlackFideId "310204"]
[EventDate "2015.12.18"]
[EventType "swiss (blitz)"]

1. d4 d5 2. c4 c6 3. Nf3 Nf6 4. e3 a6 5. Bd3 Bg4 6. Nbd2 e6 7. O-O Nbd7 8. Qc2
Bd6 9. b3 Rc8 10. Bb2 Qc7 11. c5 Be7 12. b4 Bh5 13. Rfe1 O-O 14. Ne5 Nxe5 15.
dxe5 Nd7 16. f4 Kh8 17. e4 f6 18. exf6 Nxf6 19. e5 Ng8 20. Rf1 a5 21. a3 g5 22.
f5 exf5 23. Bxf5 Rce8 24. Bxh7 Qd8 25. Bg6 Bxg6 26. Qxg6 d4 27. Nf3 Rf4 28. g3
Rff8 29. Nxd4 Qd5 30. Ne6 Qxe6 31. Qxe6 Bxc5+ 32. bxc5 Rxf1+ 33. Rxf1 Rxe6 34.
Rf5 g4 35. Kf2 Ne7 36. Rf4 Rg6 37. Rf7 Re6 38. Rf6 Rxf6+ 39. exf6 Ng6 40. Ke3
Kg8 41. Ke4 Kf7 42. Kf5 Nf8 43. Kxg4 Nd7 44. Kf5 Nxc5 45. g4 Ne6 46. g5 Nf8 47.
h4 b5 48. h5 b4 49. g6+ Kg8 50. f7# 1-0

[Event "European Blitz 2015"]
[Site "Minsk BLR"]
[Date "2015.12.18"]
[Round "10.6"]
[White "Sharafiev, Azat"]
[Black "Grachev, Boris"]
[Result "0-1"]
[WhiteTitle "IM"]
[BlackTitle "GM"]
[WhiteElo "2420"]
[BlackElo "2652"]
[WhiteFideId "4186214"]
[BlackFideId "4129199"]
[EventDate "2015.12.18"]
[EventType "swiss (blitz)"]

1. e4 c5 2. Nf3 e6 3. b3 b6 4. c4 Bb7 5. Nc3 Nf6 6. Bd3 Nc6 7. O-O d6 8. Re1 Be7
9. Bf1 Nd4 10. Bb2 O-O 11. Nxd4 cxd4 12. Ne2 e5 13. d3 Nd7 14. f4 a6 15. g3 f5
16. fxe5 dxe5 17. exf5 Rxf5 18. Bh3 Rf8 19. Rf1 Qc7 20. Qd2 Qc6 0-1

[Event "European Blitz 2015"]
[Site "Minsk BLR"]
[Date "2015.12.18"]
[Round "10.8"]
[White "Alekseev, Evgeny"]
[Black "Aleksandrov, Aleksej"]
[Result "1/2-1/2"]
[WhiteTitle "GM"]
[BlackTitle "GM"]
[WhiteElo "2642"]
[BlackElo "2615"]
[WhiteFideId "4138147"]
[BlackFideId "13500139"]
[EventDate "2015.12.18"]
[EventType "swiss (blitz)"]

1. e4 e5 2. Nf3 Nc6 3. Bc4 Bc5 4. c3 Nf6 5. d3 a6 6. Bb3 d6 7. O-O O-O 8. h3 h6
9. Re1 Re8 10. Nbd2 Be6 11. Nf1 d5 12. Qe2 dxe4 13. dxe4 Bxb3 14. axb3 a5 15.
Ng3 Qe7 16. Qb5 Bb6 17. Be3 Bxe3 18. Rxe3 Qe6 19. Rd1 b6 20. Red3 Na7 21. Qa4
Qc6 22. R3d2 Qxa4 1/2-1/2

[Event "European Blitz 2015"]
[Site "Minsk BLR"]
[Date "2015.12.18"]
[Round "10.9"]
[White "Kryakvin, Dmitry"]
[Black "Ponkratov, Pavel"]
[Result "1/2-1/2"]
[WhiteTitle "GM"]
[BlackTitle "GM"]
[WhiteElo "2529"]
[BlackElo "2604"]
[WhiteFideId "4153278"]
[BlackFideId "4157800"]
[EventDate "2015.12.18"]
[EventType "swiss (blitz)"]

1. d4 Nf6 2. Nf3 c5 3. d5 b5 4. Bg5 Qb6 5. Bxf6 Qxf6 6. c3 Qb6 7. e4 g6 8. Be2
Bg7 9. O-O O-O 10. Nbd2 d6 11. a4 b4 12. Nc4 Qd8 13. cxb4 cxb4 14. Nd4 Bd7 15.
Rc1 Na6 16. Nxd6 exd6 17. Bxa6 Qb6 18. Bb5 Bxd4 19. Bxd7 Bxb2 20. Rc6 Qb7 21.
Qb3 Be5 22. Bh3 Rfe8 23. Rfc1 a5 24. g3 Re7 25. R1c4 h5 26. f4 Bc3 27. Bg2 Rd8
28. h4 Qa7+ 29. Kh2 Qf2 30. Qd1 Kg7 31. Qf3 Qd2 32. e5 dxe5 33. f5 e4 34. f6+
Kh7 35. Rxe4 Red7 36. Re7 Bd4 37. Rc7 Rxc7 38. Rxc7 Rf8 39. d6 Kg8 40. Qd5 Qe3
41. d7 Bxf6 42. Rc8 Bd8 43. Rb8 Qe7 44. Qb7 Kg7 45. Qd5 Bc7 46. Rxf8 Kxf8 47.
Kh3 Qe6+ 48. Qxe6 fxe6 49. Bf1 Ke7 50. Bd3 Kf6 51. g4 hxg4+ 52. Kxg4 Bd8 53. Bc2
Be7 54. Kf3 e5 55. Ke4 Ke6 56. Ke3 Bxh4 57. Bxg6 Kxd7 58. Kd3 Kd6 59. Be4 Kc5
60. Bg6 Be1 61. Bf7 Bc3 62. Bb3 Kd6 63. Ke4 Ke7 64. Kf5 Kf8 65. Bc4 Kg7 66. Bb3
Kh6 67. Bf7 Kg7 68. Bb3 Bd4 69. Bc4 Kf8 70. Bb3 Ke7 71. Ba2 b3 72. Bxb3 Kd6 73.
Ke4 Kc5 74. Bd1 Kb4 75. Bc2 1/2-1/2

[Event "European Blitz 2015"]
[Site "Minsk BLR"]
[Date "2015.12.18"]
[Round "10.10"]
[White "Guseinov, Gadir"]
[Black "Grishchenko, Sergey1"]
[Result "1-0"]
[WhiteTitle "GM"]
[BlackTitle "IM"]
[WhiteElo "2646"]
[BlackElo "2442"]
[WhiteFideId "13401378"]
[BlackFideId "4136730"]
[EventDate "2015.12.18"]
[EventType "swiss (blitz)"]

1. e4 c6 2. d4 d5 3. Nd2 dxe4 4. Nxe4 Nf6 5. Nxf6+ gxf6 6. c3 Bf5 7. Nf3 Nd7 8.
Be3 Qa5 9. g3 O-O-O 10. Bg2 Qa6 11. Bf1 Qa5 12. b4 Qd5 13. Bg2 Qc4 14. Qb3 Nb6
15. Nd2 Qa6 16. a4 e5 17. b5 cxb5 18. O-O Be6 19. Qxb5 Qxb5 20. axb5 Kb8 21. Ne4
Nd5 22. Bd2 exd4 23. cxd4 b6 24. h4 Be7 25. Rfe1 Rc8 26. Ng5 fxg5 27. Bxd5 Bxd5
28. Rxe7 Rc7 29. Rxc7 Kxc7 30. Rxa7+ Kb8 31. Rd7 Be6 32. Rd6 gxh4 33. d5 Bc8 34.
Rxb6+ Ka7 35. Be3 hxg3 36. fxg3 Ka8 37. d6 Bd7 38. Ra6+ Kb8 39. b6 Bc6 40. Ra7
Rd8 41. Bf4 Rd7 42. Ra5 Kb7 43. Rh5 Be4 44. Rb5 Bc6 45. Rb2 Be4 46. Kf2 Kc6 47.
b7 1-0

[Event "European Blitz 2015"]
[Site "Minsk BLR"]
[Date "2015.12.18"]
[Round "10.12"]
[White "Belous, Vladimir"]
[Black "Belyakov, Bogdan"]
[Result "1-0"]
[WhiteTitle "GM"]
[BlackTitle "IM"]
[WhiteElo "2557"]
[BlackElo "2511"]
[WhiteFideId "4174003"]
[BlackFideId "24104795"]
[EventDate "2015.12.18"]
[EventType "swiss (blitz)"]

1. c4 Nf6 2. Nc3 g6 3. e4 d6 4. d4 Bg7 5. Nf3 O-O 6. h3 e5 7. d5 Nh5 8. g3 f5 9.
exf5 gxf5 10. Be2 Na6 11. Ng5 Nf6 12. g4 Nc5 13. b4 Nce4 14. Ngxe4 Nxe4 15. Nxe4
fxe4 16. Be3 a5 17. a3 Qh4 18. Qc1 axb4 19. axb4 Rxa1 20. Qxa1 Bh6 21. Qc3 Bxe3
22. Qxe3 Rf4 23. c5 Kg7 24. Rg1 Qe7 25. Rg3 dxc5 26. Qxc5 Qxc5 27. bxc5 Rf8 28.
Ra3 Bd7 29. Ra7 Rb8 30. c6 Bc8 31. d6 bxc6 32. Rxc7+ Kf6 33. d7 Rb1+ 34. Kd2
Bxd7 35. Rxd7 h6 36. h4 Rh1 37. Rd6+ Kg7 38. h5 Ra1 39. Rg6+ Kh7 40. Rxc6 Ra5
41. Ke3 Kg7 42. Kxe4 Kh7 43. Rc7+ Kh8 44. f3 Kg8 45. Re7 Kh8 46. Rxe5 1-0

[Event "European Blitz 2015"]
[Site "Minsk BLR"]
[Date "2015.12.18"]
[Round "10.15"]
[White "Rakhmanov, Aleksandr"]
[Black "Sychev, Klementy"]
[Result "1/2-1/2"]
[WhiteTitle "GM"]
[BlackTitle "IM"]
[WhiteElo "2640"]
[BlackElo "2415"]
[WhiteFideId "4173708"]
[BlackFideId "4114060"]
[EventDate "2015.12.18"]
[EventType "swiss (blitz)"]

1. c4 g6 2. Nc3 c5 3. g3 Bg7 4. Bg2 Nc6 5. d3 e6 6. Nh3 Nge7 7. Nf4 O-O 8. O-O
b6 9. Qd2 Bb7 10. b3 d5 11. Bb2 d4 12. Nb5 e5 13. Nd5 Nxd5 14. Bxd5 Qd7 15. e3
a6 16. Na3 Ne7 17. Bxb7 Qxb7 18. Nc2 Rfe8 19. Rae1 Qf3 20. exd4 Nf5 21. Qe2 Qxe2
22. Rxe2 Nxd4 23. Bxd4 exd4 24. Rfe1 Kf8 25. Rxe8+ Rxe8 26. Rxe8+ Kxe8 27. b4
Kd7 28. bxc5 bxc5 29. Kg2 Kc6 30. g4 Be5 31. h3 f5 32. gxf5 gxf5 33. Kf3 Kb6 34.
Ke2 h5 35. Ne1 Ka5 36. Kd1 Kb4 37. Kc2 Ka3 38. Kb1 Ka4 39. Ng2 Kb4 40. Kb2 Ka5
41. Nh4 f4 42. Ng6 Bd6 43. Kb3 f3 44. Nh4 Bg3 45. Nxf3 Bxf2 46. Ne5 Kb6 47. Nd7+
Kc6 48. Nf6 h4 49. Ne4 Be1 50. Kc2 Bb4 51. Kd1 Kb6 52. Nf6 Ka5 53. Kc2 Ka4 54.
Nd5 Ka3 55. Kb1 Bd2 56. Nc7 a5 57. Nb5+ Kb4 58. Kb2 a4 59. Nc7 Ka5 60. Kc2 Bh6
61. Ne6 Kb4 62. Kb2 a3+ 63. Kc2 Be3 64. Nc7 Ka5 65. Nd5 Bg5 66. Kb3 Bc1 67. Ne7
Bg5 68. Nf5 Bf6 69. Kxa3 Bg5 70. Nd6 Be7 71. Ne4 Bf8 72. Kb3 Be7 73. Ka3 Bf8 74.
Nd2 Be7 75. Nb3+ Kb6 76. Kb2 Bg5 77. Kc2 Kc6 78. Kd1 Kd6 79. Ke2 Be7 80. Kf3 Ke5 1/2-1/2

[Event "European Blitz 2015"]
[Site "Minsk BLR"]
[Date "2015.12.18"]
[Round "10.16"]
[White "Loginov, Valery A"]
[Black "Inarkiev, Ernesto"]
[Result "0-1"]
[WhiteTitle "GM"]
[BlackTitle "GM"]
[WhiteElo "2486"]
[BlackElo "2668"]
[WhiteFideId "4126297"]
[BlackFideId "4162722"]
[EventDate "2015.12.18"]
[EventType "swiss (blitz)"]

1. e4 e5 2. Nf3 Nc6 3. Bb5 a6 4. Ba4 Nf6 5. O-O Be7 6. Re1 b5 7. Bb3 d6 8. a4
Bd7 9. c3 O-O 10. h3 h6 11. d4 Re8 12. Nbd2 Bf8 13. Nf1 exd4 14. cxd4 Rxe4 15.
Rxe4 Nxe4 16. Qd3 Nf6 17. axb5 axb5 18. Rxa8 Qxa8 19. Bxh6 gxh6 20. Qg6+ Bg7 21.
Qxf7+ Kh8 22. Bc2 Qe8 23. Qb3 Ne7 24. Ng3 Ned5 25. Nh4 Qe1+ 26. Nf1 Nf4 27. Bd1
Be6 28. Qc2 Bc4 29. Qf5 Qxf1+ 30. Kh2 Qxd1 31. Qxf4 Qh5 32. Nf5 Qg5 33. Qf3 Bd5 0-1

[Event "European Blitz 2015"]
[Site "Minsk BLR"]
[Date "2015.12.18"]
[Round "10.17"]
[White "Landa, Konstantin"]
[Black "Matinian, Nikita"]
[Result "0-1"]
[WhiteTitle "GM"]
[BlackTitle "IM"]
[WhiteElo "2625"]
[BlackElo "2470"]
[WhiteFideId "4101685"]
[BlackFideId "24129100"]
[EventDate "2015.12.18"]
[EventType "swiss (blitz)"]

1. d4 Nf6 2. Nf3 g6 3. g3 Bg7 4. Bg2 O-O 5. O-O d6 6. b3 a5 7. a4 Na6 8. Bb2 c6
9. Nbd2 Qc7 10. e4 Rd8 11. Qe2 Nd7 12. Rac1 e5 13. c3 Nf8 14. Rfd1 h6 15. Nc4
Be6 16. Ba3 Bxc4 17. Qxc4 Ne6 18. Bh3 Ng5 19. Nxg5 hxg5 20. Rc2 exd4 21. cxd4 d5
22. exd5 Rxd5 23. Qxd5 cxd5 24. Rxc7 Nxc7 25. Bg2 Rd8 26. Be7 Rd7 27. Bxg5 Ne6
28. Be3 f5 29. h4 Kf7 30. Bh3 Bf6 31. h5 gxh5 32. Bxf5 Rc7 33. Rd3 Rc2 34. Kg2
Rb2 35. Kf1 b6 36. Ke1 h4 37. gxh4 Bxh4 38. Bh3 Ng5 39. Bg2 Ne4 40. Bxe4 dxe4
41. Rc3 Bf6 42. Rc7+ Ke8 43. Rc6 Be7 44. Rxb6 Bb4+ 45. Kf1 Rxb3 46. Bd2 Rb1+ 47.
Kg2 Rb2 48. Be3 Ra2 49. Re6+ Kd7 50. Rxe4 Rxa4 51. Rh4 Ra2 52. Rh7+ Ke6 53. Rh6+
Kd5 54. Rh5+ Ke4 55. Re5+ Kd3 56. d5 Kc4 57. Kf3 a4 58. Re4+ Kb3 59. Rd4 Bd6 60.
Bf4 Bc5 61. Rd3+ Kc4 62. Rd1 Rxf2+ 63. Ke4 Re2+ 64. Kf5 Re8 65. d6 Rf8+ 66. Ke4
a3 67. d7 Be7 68. Rd4+ Kb3 69. Rd3+ Ka4 70. Rd4+ Kb3 71. Rd3+ Ka4 72. Rd4+ Kb3
73. Rd3+ Ka4 0-1

[Event "European Blitz 2015"]
[Site "Minsk BLR"]
[Date "2015.12.18"]
[Round "10.18"]
[White "Rozum, Ivan"]
[Black "Konenkin, Dmitry"]
[Result "1/2-1/2"]
[WhiteTitle "GM"]
[BlackTitle "FM"]
[WhiteElo "2559"]
[BlackElo "2243"]
[WhiteFideId "24104272"]
[BlackFideId "4185781"]
[EventDate "2015.12.18"]
[EventType "swiss (blitz)"]

1. d4 d6 2. Nf3 Nd7 3. c4 e5 4. Nc3 Ngf6 5. e4 Be7 6. Be2 O-O 7. O-O c6 8. Re1
a6 9. d5 c5 10. Rb1 Ne8 11. b4 cxb4 12. Rxb4 Nc5 13. Be3 g6 14. Nd2 Ng7 15. Nb3
a5 16. Rb5 Bd7 17. Rxc5 dxc5 18. d6 Bg5 19. Bxg5 Qxg5 20. Nxc5 Bc6 21. Nd5 Rfd8
22. Ne7+ Kh8 23. Nxc6 bxc6 24. Qd3 Rab8 25. g3 Ne8 26. d7 Nc7 27. Qd6 Ne6 28.
Nxe6 fxe6 29. Rd1 Rb2 30. Bf3 Qf6 31. Kg2 g5 32. g4 Rxa2 33. Qxc6 Ra3 34. Be2
Ra2 35. Bf3 Ra3 36. Be2 Ra2 37. Bf3 Ra3 38. Be2 Ra8 1/2-1/2

[Event "European Blitz 2015"]
[Site "Minsk BLR"]
[Date "2015.12.18"]
[Round "10.19"]
[White "Smirin, Ilia"]
[Black "Stupak, Kirill"]
[Result "0-1"]
[WhiteTitle "GM"]
[BlackTitle "GM"]
[WhiteElo "2658"]
[BlackElo "2542"]
[WhiteFideId "2801990"]
[BlackFideId "13503758"]
[EventDate "2015.12.18"]
[EventType "swiss (blitz)"]

1. e4 e6 2. d4 d5 3. Nc3 Bb4 4. Qd3 dxe4 5. Qxe4 Nf6 6. Qh4 O-O 7. Bd3 Nc6 8.
Nf3 Ne7 9. Bg5 Ng6 10. Bxg6 hxg6 11. O-O Be7 12. Rfe1 Re8 13. Ne5 Nh7 14. Bxe7
Qxe7 15. Qg3 c6 16. Ne4 Qc7 17. c4 b6 18. c5 Ba6 19. Nd6 Rf8 20. b4 Nf6 21. Re3
Rad8 22. Rc1 Bb7 23. Qh4 Nh5 24. Rh3 Rxd6 25. cxd6 Qxd6 26. g4 Qxd4 27. Nf3 Qf4
28. Re1 c5 29. gxh5 Qxh4 30. Nxh4 gxh5 31. bxc5 bxc5 32. Ng2 g6 33. Rc3 Bd5 34.
a3 c4 35. Ne3 Bf3 36. Nxc4 Bd5 37. Ne5 0-1

[Event "European Blitz 2015"]
[Site "Minsk BLR"]
[Date "2015.12.18"]
[Round "10.20"]
[White "Jobava, Baadur"]
[Black "Potapov, Pavel"]
[Result "1-0"]
[WhiteTitle "GM"]
[BlackTitle "IM"]
[WhiteElo "2673"]
[BlackElo "2476"]
[WhiteFideId "13601520"]
[BlackFideId "4169786"]
[EventDate "2015.12.18"]
[EventType "swiss (blitz)"]

1. d4 d5 2. Nc3 g6 3. Bf4 Bg7 4. Qd2 c6 5. O-O-O Nd7 6. Nf3 h6 7. e4 dxe4 8.
Nxe4 Ngf6 9. Nc3 Nd5 10. Nxd5 cxd5 11. h4 Nf6 12. Ne5 Bd7 13. f3 Rc8 14. Kb1 Qb6
15. Bd3 Bb5 16. Rhe1 Bxd3 17. Qxd3 Nd7 18. h5 g5 19. Nxd7 Kxd7 20. Qf5+ Kc6 21.
Qxf7 1-0

[Event "European Blitz 2015"]
[Site "Minsk BLR"]
[Date "2015.12.18"]
[Round "10.21"]
[White "Shkapenko, Pavel"]
[Black "Zubov, Alexander"]
[Result "1/2-1/2"]
[WhiteTitle "IM"]
[BlackTitle "GM"]
[WhiteElo "2407"]
[BlackElo "2601"]
[WhiteFideId "4151933"]
[BlackFideId "14109409"]
[EventDate "2015.12.18"]
[EventType "swiss (blitz)"]

1. e4 d6 2. d4 Nf6 3. Nc3 g6 4. h3 Bg7 5. g4 O-O 6. Bg2 e5 7. Nge2 b6 8. O-O Bb7
9. Be3 Re8 10. Ng3 exd4 11. Bxd4 Nc6 12. Be3 Nd7 13. Qd2 Nc5 14. Rad1 Ne5 15. b3
Ned7 16. Nd5 Nf6 17. Bg5 Bxd5 18. exd5 Qe7 19. Rfe1 Qf8 20. Qf4 Nfd7 21. Qd2 b5
22. Qa5 a6 23. Rxe8 Qxe8 24. Qxc7 Rc8 25. Qa5 Qe5 26. Be3 Bf6 27. Qd2 Qb2 28. c4
bxc4 29. bxc4 Qa3 30. Bf4 Be5 31. Rb1 Qa4 32. Bxe5 Nxe5 33. Rb4 Qa5 34. Rb2 Qa4
35. Qc2 Qa3 36. Rb1 Ncd3 37. Rb3 Qc1+ 38. Qxc1 Nxc1 39. Rb6 Nxc4 40. Rxa6 Ne5
41. Rxd6 Rc2 42. a4 Ncd3 43. Ne4 Nf4 44. Rf6 Nxd5 45. Rd6 Nf4 46. Rf6 Nfd3 47.
a5 Ra2 48. a6 Nb4 49. Nc5 Ra5 50. Rb6 Nc2 51. Nb3 Ra3 52. Nc5 Nd4 53. Rb7 Ne2+
54. Kh2 Kg7 55. a7 Nf4 56. Re7 Nxg2 57. Kxg2 Nc6 58. Rc7 Nxa7 59. Ne6+ Kf6 60.
Nd4 Ra4 61. Nc6 Nb5 62. Rb7 Nd6 63. Rd7 Ne4 64. Rd4 Rxd4 65. Nxd4 Ke5 66. Ne2 f6
67. f4+ Kd5 68. Kf3 Nd2+ 69. Ke3 Nc4+ 70. Kd3 Nd6 71. Nc3+ Ke6 72. Kd4 Nf7 73.
Ne4 Nd8 74. Nc5+ Ke7 75. Kd5 Nf7 76. Ne4 Nd8 77. Nc5 Nf7 78. Ne4 f5 1/2-1/2

[Event "European Blitz 2015"]
[Site "Minsk BLR"]
[Date "2015.12.18"]
[Round "10.22"]
[White "Bocharov, Dmitry"]
[Black "Johannessen, Leif Erlend"]
[Result "1-0"]
[WhiteTitle "GM"]
[BlackTitle "GM"]
[WhiteElo "2558"]
[BlackElo "2487"]
[WhiteFideId "4138716"]
[BlackFideId "1501674"]
[EventDate "2015.12.18"]
[EventType "swiss (blitz)"]

1. Nf3 Nf6 2. g3 d5 3. Bg2 e6 4. O-O Be7 5. d3 O-O 6. Nbd2 c5 7. e4 Nc6 8. Re1
b5 9. a4 b4 10. exd5 exd5 11. Nb3 h6 12. Bf4 Be6 13. Qd2 Rc8 14. Ne5 Nxe5 15.
Bxe5 Nd7 16. Bf4 Bg5 17. h4 Bxf4 18. Qxf4 Qf6 19. Qxf6 Nxf6 20. d4 c4 21. Nc5
Bf5 22. c3 bxc3 23. bxc3 Rfe8 24. a5 Kf8 25. a6 Rxe1+ 26. Rxe1 Re8 27. Re5 Rxe5
28. dxe5 Ne4 29. Bxe4 Bxe4 30. Kf1 Ke7 31. Ke2 f6 32. f4 fxe5 33. fxe5 Bf5 34.
Ke3 Be6 35. Kd4 Bg8 36. Nb7 Be6 37. Na5 Kd7 38. Kc5 Kc7 39. Nc6 Bc8 40. Nxa7
Bxa6 41. Nc6 Bc8 42. Nb4 Kd7 43. Kxd5 Bb7+ 44. Kxc4 Ke6 45. Kd4 1-0

[Event "European Blitz 2015"]
[Site "Minsk BLR"]
[Date "2015.12.18"]
[Round "10.23"]
[White "Przybylski, Wojciech"]
[Black "Bortnyk, Mykola"]
[Result "0-1"]
[WhiteTitle "FM"]
[BlackTitle "IM"]
[WhiteElo "2337"]
[BlackElo "2416"]
[WhiteFideId "1117599"]
[BlackFideId "14120836"]
[EventDate "2015.12.18"]
[EventType "swiss (blitz)"]

1. e4 Nf6 2. Nc3 d5 3. exd5 Nxd5 4. Nf3 Bf5 5. Bc4 Nb6 6. Bb3 c5 7. d3 Nc6 8. h3
e6 9. O-O Be7 10. Bf4 O-O 11. Re1 Bf6 12. Ne5 Qd4 13. Ne2 Qxb2 14. Rb1 Qa3 15.
Nxc6 bxc6 16. Ng3 Bg6 17. Ne4 Be7 18. Qf3 Rad8 19. Nd2 Nd5 20. Nc4 Qa6 21. Bd2
Bf6 22. Ne5 Nb6 23. Qxc6 Rc8 24. Qf3 Bxe5 25. Rxe5 Rfd8 26. Bg5 c4 27. dxc4 f6
28. Bxf6 gxf6 29. Rxe6 Rc5 30. Qxf6 Rf8 31. Qd4 Qc8 32. Re5 Nd7 33. Re7 Nf6 34.
Rbe1 a5 35. R1e6 Nh5 36. g4 Rd8 37. Qc3 Rd1+ 38. Kh2 Qb8+ 39. Kg2 Nf4+ 40. Kf3
Nxe6 41. Rxe6 a4 42. Re7 Qf8+ 43. Ke2 Qxe7+ 44. Kxd1 axb3 45. axb3 Rc8 46. Kc1
Qe4 47. Kb2 Rf8 48. c5 Rxf2 0-1

[Event "European Blitz 2015"]
[Site "Minsk BLR"]
[Date "2015.12.18"]
[Round "10.24"]
[White "Motylev, Alexander"]
[Black "Sarana, Alexey"]
[Result "1-0"]
[WhiteTitle "GM"]
[WhiteElo "2653"]
[BlackElo "2432"]
[WhiteFideId "4121830"]
[BlackFideId "24133795"]
[EventDate "2015.12.18"]
[EventType "swiss (blitz)"]

1. e4 c5 2. Nf3 d6 3. d4 cxd4 4. Nxd4 Nf6 5. Nc3 a6 6. h3 e5 7. Nde2 b5 8. Bg5
Nbd7 9. Nd5 Bb7 10. Nec3 Rc8 11. a4 b4 12. Nxb4 Qa5 13. Nbd5 Nxe4 14. b4 Nxc3
15. bxa5 Nxd1 16. Rxd1 Rxc2 17. Nb4 Rb2 18. Nxa6 f6 19. Bc1 Ra2 20. Nc7+ Kd8 21.
Ne6+ Ke7 22. Bb5 Bxg2 23. Rg1 Bf3 24. Rd3 e4 25. Rc3 Kxe6 26. Bc4+ d5 27. Bxa2
Bb4 28. Bd2 Bxc3 29. Bxc3 Rc8 30. Kd2 g5 31. Rb1 Kd6 32. Rb5 Rc5 33. Bb4 Kc6 34.
Bxc5 Nxc5 35. Rb6+ Kc7 36. Rxf6 d4 37. a6 Nxa4 38. a7 Nc3 39. Rxf3 Kb7 40. Rf7+ 1-0

[Event "European Blitz 2015"]
[Site "Minsk BLR"]
[Date "2015.12.18"]
[Round "10.25"]
[White "Polivanov, Anatoliy"]
[Black "Huzman, Alexander"]
[Result "1/2-1/2"]
[WhiteTitle "IM"]
[BlackTitle "GM"]
[WhiteElo "2426"]
[BlackElo "2581"]
[WhiteFideId "14109468"]
[BlackFideId "2803828"]
[EventDate "2015.12.18"]
[EventType "swiss (blitz)"]

1. e4 e6 2. d4 d5 3. Nc3 Bb4 4. e5 b6 5. a3 Bxc3+ 6. bxc3 Ne7 7. Qg4 Nf5 8. Bd3
h5 9. Qf4 Qh4 10. Ne2 Qxf4 11. Nxf4 Ne7 12. Be2 g6 13. Nd3 Ba6 14. Bg5 Nd7 15.
Bf3 Nf5 16. Nb4 Bc4 17. h3 c5 18. g4 hxg4 19. hxg4 Rxh1+ 20. Bxh1 cxb4 21. gxf5
bxc3 22. a4 gxf5 23. Ra3 f6 24. exf6 Kf7 25. Rxc3 Rh8 26. Bg2 Nxf6 27. Bf4 Rg8
28. Rg3 Rxg3 29. Bxg3 Ne4 30. Bxe4 dxe4 31. Bb8 a6 32. Bc7 b5 33. a5 Ke8 34. c3
Kd7 35. Bb6 Kc6 36. Kd2 Bd3 37. Ke3 Kd5 38. Bc5 e5 39. Bb6 f4+ 40. Kd2 exd4 41.
Bxd4 Kc4 42. Be5 e3+ 43. fxe3 f3 44. Bg3 Be4 45. Bh4 Kb3 46. Bg3 Bd5 47. e4 Bxe4
48. Bf2 Bd5 49. Bb6 Bc4 50. Bc5 Ka4 51. Bb6 Bf7 52. Kc2 1/2-1/2

[Event "European Blitz 2015"]
[Site "Minsk BLR"]
[Date "2015.12.18"]
[Round "10.26"]
[White "Zakhartsov, Vladimir"]
[Black "Girya, Olga"]
[Result "1/2-1/2"]
[WhiteTitle "IM"]
[BlackTitle "WGM"]
[WhiteElo "2462"]
[BlackElo "2456"]
[WhiteFideId "4145097"]
[BlackFideId "4195752"]
[EventDate "2015.12.18"]
[EventType "swiss (blitz)"]

1. e4 c6 2. d3 d5 3. Nd2 Nf6 4. Ngf3 Bg4 5. h3 Bh5 6. Qe2 e6 7. g4 Bg6 8. Bg2
Nbd7 9. e5 Ng8 10. b3 Bb4 11. Bb2 Ne7 12. a3 Ba5 13. b4 Bc7 14. O-O h6 15. Rfe1
Bh7 16. Nf1 Ng6 17. Qe3 a5 18. Ng3 O-O 19. Nh5 Bb6 20. d4 Qe7 21. c3 axb4 22.
cxb4 Bc7 23. Nd2 Nb6 24. f4 Nh4 25. Bf1 Bg6 26. Ng3 f5 27. Nf3 Na4 28. Bc1 Bb6
29. Rd1 Ba7 30. Ra2 b6 31. Nxh4 Qxh4 32. Rg2 c5 33. Bb5 Bb8 34. Qb3 c4 35. Qc2
Qxh3 36. gxf5 Bxf5 37. Nxf5 Rxf5 38. Bxa4 Bc7 39. Bd7 Rf7 40. Bc6 Raf8 41. Rf1
Bd8 42. Qe2 Bh4 43. Qg4 Qxg4 44. Rxg4 Bd8 45. Ba4 Kh8 46. Bc2 g5 47. Kg2 h5 48.
Rg3 g4 49. Rh1 h4 50. Rxg4 Rg7 51. Kf3 Rxg4 52. Kxg4 Rg8+ 53. Kf3 Rg3+ 54. Kf2
Rc3 55. Bg6 Kg7 56. f5 Rc2+ 57. Kf3 Rc3+ 58. Ke2 Rc2+ 59. Kd1 Rg2 60. Bf4 Rf2
61. Be3 Rf3 62. Ke2 Rg3 63. Kf2 c3 64. Rc1 Rxe3 65. Kxe3 Bg5+ 66. Kd3 Bxc1 67.
Bh5 exf5 68. Bf3 Bxa3 69. Kxc3 Kf8 70. Bxd5 Ke7 71. Bf3 h3 72. Kc4 Bc1 73. b5
Bb2 74. Kd5 h2 75. Kc4 Ba1 76. Bg2 Bb2 77. Kd3 Ba1 78. Bf3 Bb2 79. Kc4 Ba1 80.
Kd5 Bb2 81. e6 Ba1 82. Ke5 f4 83. Kxf4 Bxd4 1/2-1/2

[Event "European Blitz 2015"]
[Site "Minsk BLR"]
[Date "2015.12.18"]
[Round "10.27"]
[White "Aliyev, Rasim"]
[Black "Razin, Vadim"]
[Result "0-1"]
[WhiteElo "2213"]
[BlackElo "2345"]
[WhiteFideId "13401084"]
[BlackFideId "14119463"]
[EventDate "2015.12.18"]
[EventType "swiss (blitz)"]

1. e4 e6 2. d4 d5 3. e5 c5 4. c3 Nc6 5. Nf3 Bd7 6. Bd3 Rc8 7. O-O cxd4 8. cxd4
Nb4 9. Nc3 Nxd3 10. Qxd3 Qb6 11. a3 Ne7 12. b4 Nf5 13. g4 Ne7 14. Be3 h5 15. g5
Nf5 16. Rfc1 Be7 17. g6 fxg6 18. Ne2 Rxc1+ 19. Rxc1 O-O 20. Nf4 Be8 21. Nh3 Qd8
22. Kh1 Nh4 23. Nfg5 Qd7 24. Qc2 Nf5 25. Qc7 Bd8 26. Qb8 Bb6 27. Rc8 Bxd4 28.
Nf4 Bxe5 29. Qxe5 Qxc8 30. Nfxe6 Rf6 31. Bc5 d4 32. Bxd4 Qc1+ 33. Kg2 Nh4+ 34.
Kg3 Nf5+ 35. Kg2 Qc6+ 36. f3 Nh4+ 37. Kg3 Nxf3 38. Nd8 Nxe5 39. Nxc6 Nxc6 0-1

[Event "European Blitz 2015"]
[Site "Minsk BLR"]
[Date "2015.12.18"]
[Round "10.28"]
[White "Kovalenko, Igor"]
[Black "Efanov, Nikolai"]
[Result "1-0"]
[WhiteTitle "GM"]
[BlackTitle "IM"]
[WhiteElo "2680"]
[BlackElo "2399"]
[WhiteFideId "14117908"]
[BlackFideId "4187997"]
[EventDate "2015.12.18"]
[EventType "swiss (blitz)"]

1. c4 e5 2. g3 Nf6 3. Bg2 c6 4. d4 e4 5. Nc3 d5 6. Bg5 Nbd7 7. cxd5 cxd5 8. f3
h6 9. Be3 Bb4 10. Qb3 Qe7 11. Kf2 Bxc3 12. Qxc3 O-O 13. Rc1 Nb6 14. b3 Bd7 15.
Nh3 Rac8 16. Qd2 Bf5 17. Rhe1 Rxc1 18. Rxc1 Rc8 19. Rxc8+ Nxc8 20. Ng1 b6 21. h3
exf3 22. exf3 Qc7 23. Ne2 Ne7 24. Bf4 Qc6 25. g4 Bb1 26. Nc3 Bg6 27. Bf1 Nc8 28.
Bb5 Qe6 29. Qe3 Kf8 30. Qxe6 fxe6 31. Ba6 Ne7 32. Bb7 Ne8 33. Bb8 a5 34. Na4 Bb1
35. a3 Bc2 36. Nxb6 Bxb3 37. Nd7+ Kg8 38. Nc5 Bc4 39. Nxe6 Kf7 40. Nd8+ Kg6 41.
Ke3 a4 42. Nc6 Nxc6 43. Bxc6 Nf6 44. Bxa4 1-0